[Event "Tarragona Province-ch"]
[Site "Hospitalet de l'Infant"]
[Date "2013.11.03"]
[Round "5"]
[White "Reig Pinol, Armand"]
[Black "Espuny Cid, Jaume"]
[Result "1-0"]
[WhiteElo "2031"]
[BlackElo "1705"]
[PlyCount "33"]
[EventDate "2013.10.06"]
[EventType "swiss"]
[EventRounds "9"]
[EventCountry "ESP"]
[SourceTitle "EXT 2017"]
[Source "ChessBase"]
[SourceDate "2016.10.25"]
[SourceVersion "1"]
[SourceVersionDate "2016.10.25"]
[SourceQuality "1"]

1. d4 Nf6 2. Nf3 e6 3. e3 d5 4. Bd3 c5 5. b3 Nc6 6. 0-0 Nb4 7. Be2 Bd6 8. Bb2 0-0 9. Ne5 Bd7 10. a3 Nc6 11. Bd3 Qc7 12. f4 Ne4 13. Nxd7 Rfd8 14. Ne5 Nxe5 15. fxe5 Bf8 16. Bxe4 dxe4 17. Nd2 1-0